Who owns the corporation? : management vs. shareholders /

Bibliographic Details
Main Author: Epstein, Edward Jay, 1935-
Format: Book
Language:English
Published: New York : Priority Press Publications, 1986.
Subjects:

MARC

Tag First Indicator Second Indicator Subfields
LEADER 00000cam a2200000 a 4500
001 in00000025688
005 20151007054434.0
008 870106s1986 nyu b 00010 eng
010 |a  87101003  
020 |a 0870782088 (pbk.) :  |c $8.00 
035 |a (OCoLC)14763395 
035 |9 AAB5061AM 
040 |a DLC  |c DLC  |d m/c  |d TXA  |d UtOrBLW 
043 |a n-us--- 
049 |a TXAM  |c [A11087614] 
050 0 0 |a HD2743  |b .E67 1986 
082 0 |a 338.7/4/0973  |2 19 
100 1 |a Epstein, Edward Jay,  |d 1935- 
245 1 0 |a Who owns the corporation? :  |b management vs. shareholders /  |c by Edward Jay Epstein. 
264 1 |a New York :  |b Priority Press Publications,  |c 1986. 
300 |a vi, 69 pages ;  |c 22 cm. 
336 |a text  |b txt  |2 rdacontent 
337 |a unmediated  |b n  |2 rdamedia 
338 |a volume  |b nc  |2 rdacarrier 
500 |a "A Twentieth Century Fund paper." 
504 |a Bibliography: pages 47-50. 
650 0 |a Corporate meetings  |z United States. 
650 0 |a Stockholders' meetings  |z United States. 
650 0 |a Directors of corporations  |z United States. 
999 |a MARS 
999 f f |s c5c80cab-579e-381a-9036-03dcbfd830c2  |i 4eb3edec-9128-3f34-9981-dd23c823d561  |t 0 
952 f f |p ric  |a Texas A&M University  |b Rellis Campus  |c Joint Library Facility  |d Remote Storage  |t 0  |e HD2743 .E67 1986  |h Library of Congress classification  |i unmediated -- volume  |m A14811087614 
998 f f |a HD2743 .E67 1986  |t 0  |l Remote Storage